[Event "VIII Mario Covas"]
[Site "Santos"]
[Date "2008.05.25"]
[Round "9.4"]
[White "Flores Rios, Mauricio"]
[Black "Coelho, Luis"]
[Result "1/2-1/2"]
[WhiteElo "2450"]
[BlackElo "2392"]
[PlyCount "40"]
[EventDate "2008.05.20"]
[EventType "tourn"]
[EventRounds "1"]
[EventCountry "BRA"]
[SourceDate "2008.05.17"]

1. e4 c5 2. Nf3 Nc6 3. d4 cxd4 4. Nxd4 Nf6 5. Nc3 d6 6. Bg5 e6 7. Qd2 Nxd4 8.
Qxd4 Be7 9. O-O-O O-O 10. f3 a6 11. h4 b5 12. Kb1 Bb7 13. g4 Rc8 14. Be3 Nd7
15. g5 Ne5 16. Be2 Qa5 17. Qa7 Qc7 18. a3 Nc6 19. Qb6 Qxb6 20. Bxb6 Ne5 1/2-1/2

[Event "VIII Mario Covas"]
[Site "Santos"]
[Date "2008.05.25"]
[Round "9.5"]
[White "Zambrana, Oswaldo"]
[Black "Mekhitarian, Krikor"]
[Result "0-1"]
[WhiteElo "2479"]
[BlackElo "2466"]
[PlyCount "90"]
[EventDate "2008.05.20"]
[EventType "tourn"]
[EventRounds "1"]
[EventCountry "BRA"]
[SourceDate "2008.05.17"]

1. e4 c5 2. Nf3 d6 3. d4 cxd4 4. Nxd4 Nf6 5. Nc3 g6 6. Be3 Bg7 7. f3 O-O 8. Qd2
Nc6 9. Bc4 Bd7 10. O-O-O Rc8 11. Bb3 Ne5 12. Kb1 Re8 13. h4 h5 14. Bg5 Rc5 15.
Rhe1 Qa5 16. f4 Nc4 17. Bxc4 Rxc4 18. Nb3 Qd8 19. e5 Nh7 20. exd6 Nxg5 21. dxe7
Rxe7 22. Rxe7 Qxe7 23. Qxd7 Qxd7 24. Rxd7 Ne6 25. g3 Bxc3 26. bxc3 Rxc3 27.
Rxb7 Rxg3 28. Rxa7 Nxf4 29. a4 g5 30. Rd7 gxh4 31. Rd1 h3 32. Rh1 Kg7 33. Kb2
Kf6 34. a5 Rg8 35. Nc5 Kf5 36. c4 Kg4 37. Rg1+ Ng2 38. Kc3 f5 39. Nd7 h2 40.
Rh1 Kh3 41. Nf6 Rg3+ 42. Kb4 Nf4 43. a6 Rg1 44. a7 Rxh1 45. a8=Q Rb1+ 0-1